[Event "XVIII Open"]
[Site "Andorra AND"]
[Date "2000.06.29"]
[Round "6"]
[White "Berzinsh,R"]
[Black "Gallego,R"]
[Result "1-0"]
[WhiteElo "2458"]
[BlackElo "2264"]

1.e4 c5 2.Nf3 e6 3.d4 cxd4 4.Nxd4 a6 5.Nc3 Qc7 6.Bd3 Nf6 7.O-O Be7 8.Kh1 O-O
9.f4 d6 10.Qe2 b5 11.e5 dxe5 12.fxe5 Nfd7 13.Bf4 Nc5 14.Bxh7+ Kxh7 15.Qh5+ Kg8
16.Rf3 Qd8 17.Rh3 f5 18.Rd1 Qb6 19.Qh7+ Kf7 20.Rg3 Rg8 21.Bh6  1-0

[Event "XVIII Open"]
[Site "Andorra AND"]
[Date "2000.06.30"]
[Round "7"]
[White "Midoux,S"]
[Black "Tyomkin,D"]
[Result "0-1"]
[WhiteElo "2241"]
[BlackElo "2516"]

1.e4 c5 2.Nf3 e6 3.d4 cxd4 4.Nxd4 a6 5.Nc3 b5 6.Be2 Bb7 7.O-O Qc7 8.Re1 d6
9.f4 Nc6 10.Kh1 Nf6 11.Bf3 Be7 12.Be3 O-O 13.Nb3 Rfe8 14.Qd2 Rab8 15.a3 e5
16.Nd5 Nxd5 17.exd5 Nd8 18.fxe5 dxe5 19.Na5 Ba8 20.b4 Bd6 21.c4 bxc4 22.Rac1 Qd7
23.Nxc4 Nb7 24.Ba7 Rbd8 25.Nb6 Qf5 26.Be4 Qh5 27.Qe2 Qh4 28.Qxa6 f5 29.Nxa8 Rxa8
30.Qxb7 fxe4 31.Re3 Qd8 32.Bc5 Rb8 33.Qa6 Bxc5 34.Rxc5 Qg5 35.Qe2 Rf8 36.Rxe4 Ra8
37.h3 Rxa3 38.Qg4 Qd2 39.Qe6+ Kh8 40.Qxe5 Rxh3+ 41.Kg1 Rf1+  0-1

[Event "AKN Open"]
[Site "Haarlem NED"]
[Date "2000.07.01"]
[Round "3"]
[White "Blokhuis,J"]
[Black "Miezis,N"]
[Result "1/2-1/2"]
[WhiteElo "2240"]
[BlackElo "2481"]

1.e4 c5 2.Nf3 e6 3.d4 cxd4 4.Nxd4 a6 5.Nc3 Qc7 6.Be2 b5 7.Bf3 Nc6 8.Nxc6 dxc6
9.O-O e5 10.Be3 Nf6 11.Qe2 Bb4 12.Nb1 Be6 13.b3 O-O 14.c3 Bd6 15.Nd2 Qe7
16.Rfc1 Rfd8 17.a4 Ba3 18.Rcb1 Bc5 19.b4 Bd6 20.Ra3 Rab8 21.axb5 axb5 22.h3 h6
23.Nb3 Bc4 24.Qe1 Bd3 25.Rba1 Bc2 26.Nc5 Bxc5 27.Bxc5 Qe6 28.Ra7 Rd7 29.Rxd7 Qxd7
30.Ra2 Bb3 31.Rd2 Qe8 32.Qb1 Ba4 33.Qd3 Bb3 34.Qd6 Kh7 35.Qe7 Bc4 36.Kh2 Ra8
37.Qxe8 Rxe8 38.Rd6 Rc8 39.Bg4 Nxg4+ 40.hxg4 Ra8 41.Rxc6 Ra3 42.Bd6 f6 43.Rc7 Kg8
44.Rc8+ Kf7 45.Rc7+ Kg6 46.Bf8 Bf7 47.Kg3 Ra8 48.Bc5 Rd8 49.Kh2 Be6 50.f3 Bc4
51.Be7 Rg8 52.Bd6 h5 53.gxh5+ Kxh5 54.g4+ Kg6 55.Kg3 Kh7 56.f4 exf4+ 57.Kxf4 Kh8
58.Kg3 Re8 59.Kf4 Rd8  1/2-1/2

[Event "ch-SVK U-20"]
[Site "Bratislava SVK"]
[Date "2000.07.03"]
[Round "7"]
[White "Pinter,E"]
[Black "Rigo,Z"]
[Result "1/2-1/2"]
[WhiteElo "2212"]
[BlackElo "2268"]

1.e4 c5 2.Nf3 e6 3.Nc3 a6 4.d4 cxd4 5.Nxd4 Qc7 6.Be2 b5 7.f4 Bb7 8.Bf3 d6
9.O-O Nf6 10.a3 Be7 11.Kh1 O-O 12.g4 d5 13.exd5 Nxd5 14.Nxd5 Bxd5 15.Bxd5 exd5
16.Qf3 Rd8 17.Be3 Nc6 18.c3 Bf8 19.Rae1 Nxd4 20.Bxd4 a5 21.Re5 Qc4 22.b3 Qxb3
23.Rh5 Qc2 24.Qh3 Qe4+ 25.Kg1 Ra6 26.f5 h6 27.g5 Re8 28.Rh4 Qc2 29.f6 Qg6
30.Kh1 Qxg5 31.Rg4 Qd2 32.Qg3 g5 33.h4 Re4 34.hxg5 Rxg4 35.Qxg4 Qxg5 36.Qh3 Kh8
37.Rg1 Qf4 38.Qc8 Qh4+ 39.Kg2 Qg5+ 40.Kh2 Qf4+ 41.Rg3 Qh4+ 42.Kg2 Qe4+ 43.Kf1 Qf4+
44.Kg2 Qe4+ 45.Kg1 Qe1+ 46.Kg2  1/2-1/2

[Event "ch-SWE"]
[Site "Orebro SWE"]
[Date "2000.07.06"]
[Round "5"]
[White "Hector,J"]
[Black "Agrest,E"]
[Result "1-0"]
[WhiteElo "2509"]
[BlackElo "2554"]

1.e4 c5 2.Nf3 e6 3.d4 cxd4 4.Nxd4 a6 5.Nc3 Qc7 6.Bd3 Bc5 7.Nf3 d6 8.O-O Nf6
9.Bf4 Nc6 10.Na4 Ba7 11.c4 Nd7 12.Rc1 Nc5 13.Nc3 O-O 14.Be2 e5 15.Be3 Ne6
16.Nd5 Qd8 17.b4 Ned4 18.c5 dxc5 19.bxc5 Nxe2+ 20.Qxe2 Bg4 21.h3 Bxf3 22.Qxf3 f6
23.Rfd1 Qc8 24.Rd3 Rf7 25.Qd1 Qe6 26.Qb3 Rc8 27.Qa4 h6 28.Qd1 Rff8 29.Kh1 Kh7
30.Qd2 f5 31.exf5 Qxf5 32.f3 e4 33.fxe4 Qxe4 34.Nc3 Qh4 35.Rd7 Rcd8 36.Qc2+ Kh8
37.Rxb7 Bb8 38.Qg6 Qf6 39.Qxf6 Rxf6 40.Bg1 Re6 41.Rb6 Bf4 42.Rf1 Bd2 43.Ne4 Rxe4
44.Rxc6 Ra8 45.Rd6 Bb4 46.Bd4 Kg8 47.Rd7 Rxd4 48.Rxd4 Bxc5 49.Rc4 Bd6 50.Rd1 Ba3
51.Rd3 Bb2 52.Rd2 Be5 53.Rd5 Bg3 54.Rcd4 Bc7 55.Rd7 Ba5 56.R4d5 Bb6 57.R5d6 Ba5
58.g4 Rb8 59.Rxa6 Bc3 60.Rd3 Rb1+ 61.Kg2 Rb2+ 62.Kf3 Bf6 63.a4 Ra2 64.Ke4 Kf7
65.Ra8 Kg6 66.a5 Kg5 67.a6 Ra4+ 68.Kd5 Kh4 69.Kc5 Ra1 70.Kb5 Rb1+ 71.Ka4 Be7
72.Re8 Ra1+ 73.Kb5 Rb1+ 74.Kc4 Rb4+ 75.Kd5  1-0

[Event "t-EuCh U18"]
[Site "Balatonlelle HUN"]
[Date "2000.07.09"]
[Round "1"]
[White "Antal,Ge"]
[Black "Szilagyi,Z"]
[Result "1-0"]
[WhiteElo "2405"]
[BlackElo "2269"]

1.e4 c5 2.Nf3 e6 3.d4 cxd4 4.Nxd4 a6 5.Nc3 b5 6.g3 Bb7 7.Bg2 Nf6 8.O-O b4
9.Na4 Bxe4 10.Bxe4 Nxe4 11.Re1 d5 12.Nxe6 fxe6 13.Qh5+ g6 14.Qe5 Qf6 15.Rxe4 Qxe5
16.Rxe5 Kf7 17.Re3 Nd7 18.Bd2 a5 19.Rf3+ Kg7 20.Re1 Ra6 21.Bf4 Be7 22.Rd3 Bf6
23.c4 d4 24.Kg2 Rc8 25.b3 g5 26.Bd2 Kg6 27.f4 gxf4 28.gxf4 Kf5 29.Rh3 Rg8+
30.Kf3 Rg7 31.Rh5+ Kg6 32.Rb5 Re7 33.Nc5 Nxc5 34.Rxc5 Rd7 35.Ke4 d3 36.Rg1+ Kf7
37.Rc8 Bc3 38.Rd1 Rad6 39.c5 Rd4+ 40.Ke3 e5 41.c6 exf4+ 42.Kf3 Rd8 43.Rxd8 Rxd8
44.c7 Rc8 45.Bxf4 d2 46.Ke2 Ke6 47.Rf1 Kd7 48.Bg3 Re8+ 49.Kd3 Kc8 50.Kc2 Kb7
51.Rf5 Kb6 52.Rd5 Rc8 53.h4 Re8 54.Rd8 Re1 55.Rxd2 Bxd2 56.Bxe1  1-0

[Event "Staffordshire GM"]
[Site "Lichfield ENG"]
[Date "2000.07.09"]
[Round "4"]
[White "Gormally,D"]
[Black "Turner,M"]
[Result "1/2-1/2"]
[WhiteElo "2504"]
[BlackElo "2487"]

1.d4 e6 2.Nf3 c5 3.e4 cxd4 4.Nxd4 a6 5.Nc3 Qc7 6.Bd3 Nf6 7.Qe2 Nc6 8.Nxc6 Qxc6
9.O-O b5 10.Bg5 Bb7 11.a4 b4 12.Bxf6 gxf6 13.Nd1 f5 14.f3 fxe4 15.fxe4 Bg7
16.Kh1  1/2-1/2

[Event "ch-POL women"]
[Site "Brzeg Dolny POL"]
[Date "2000.07.11"]
[Round "6"]
[White "Dabrowska,K"]
[Black "Andrzejewska,E"]
[Result "0-1"]
[WhiteElo "2243"]
[BlackElo "2208"]

1.e4 c5 2.Nf3 e6 3.d4 cxd4 4.Nxd4 a6 5.Nc3 Qc7 6.g3 Bb4 7.Ne2 Nf6 8.Bg2 O-O
9.O-O Nc6 10.h3 Be7 11.g4 b5 12.g5 Ne8 13.Ng3 b4 14.Nce2 Bb7 15.f4 Rc8 16.c4 bxc3
17.Nxc3 Na5 18.Rf3 f5 19.gxf6 Nxf6 20.Rd3 d6 21.f5 d5 22.exd5 exd5 23.Bg5 d4
24.Bxf6 Bxf6 25.Nce4 Be5 26.Qg4 Kh8 27.Rf1 Nc4 28.f6 Ne3 29.Qxg7+ Qxg7 30.fxg7+ Bxg7
31.Rxf8+ Rxf8 32.Bh1 Be5 33.b4 Rg8 34.Kf2 Rf8+ 35.Ke2 Bd5 36.Nd2 Bxg3 37.Bxd5 Rf2+
38.Ke1  0-1

[Event "Golden Cleopatra Open"]
[Site "Cairo EGY"]
[Date "2000.07.12"]
[Round "2"]
[White "Hassan,Say"]
[Black "Yousry,S"]
[Result "1/2-1/2"]
[WhiteElo "2397"]
[BlackElo "2239"]

1.e4 c5 2.Nc3 a6 3.Nf3 e6 4.d4 cxd4 5.Nxd4 Nc6 6.Be3 Nf6 7.Bd3 Bb4 8.O-O Bxc3
9.bxc3 d5 10.Nxc6 bxc6 11.exd5 cxd5 12.Bc5 Qc7 13.Bd4 O-O 14.Re1 Ne4 15.c4 f5
16.cxd5 exd5 17.Qc1 a5 18.Qa3 Ba6 19.Rab1 Bc4 20.f3 Nd6 21.Re6 Bxd3 22.cxd3 Nf7
23.Ba1 Qa7+ 24.Kf1 Rfe8 25.Qb2 Ng5 26.Rb6 Qf7 27.Qd4 Rad8 28.Rb7 Rd7 29.Rb8 Re7
30.Rxe8+ Rxe8 31.Rb5 Ne6 32.Qxd5 Qc7 33.Be5 Qc1+ 34.Kf2 Qd2+ 35.Kf1 Qd1+
36.Kf2 Qd2+ 37.Kg3 Qg5+ 38.Kf2 Qd2+ 39.Kg3 Qg5+ 40.Kh3 Qh5+  1/2-1/2

[Event "ch-Paris"]
[Site "Paris FRA"]
[Date "2000.07.16"]
[Round "2"]
[White "Bellaiche,A"]
[Black "Charreteur,F"]
[Result "1-0"]
[WhiteElo "2225"]
[BlackElo "2005"]

1.e4 c5 2.Nf3 e6 3.d4 cxd4 4.Nxd4 a6 5.Nc3 Nc6 6.Nxc6 bxc6 7.Bd3 d5 8.e5 d4
9.Ne4 Qa5+ 10.c3 dxc3 11.O-O Qxe5 12.bxc3 Nf6 13.f4 Qc7 14.Nxf6+ gxf6 15.Be3 Be7
16.Rb1 Bd7 17.f5 Qe5 18.Bd4 Bc5 19.fxe6 Bxd4+ 20.cxd4 Qxd4+ 21.Kh1 Bxe6 22.Re1 Rd8
23.Qh5 Qxd3 24.Rxe6+ Kf8 25.Qh6+ Kg8 26.Ree1 Qg6 27.Qc1 f5 28.Rb3 Qd6 29.Qg5+ Kf8
30.Rg3 Qd4 31.Qe7+  1-0

[Event "ch-Paris"]
[Site "Paris FRA"]
[Date "2000.07.18"]
[Round "4"]
[White "Koulitchenko,A"]
[Black "Bogdanov,E"]
[Result "0-1"]
[WhiteElo "2167"]
[BlackElo "2253"]

1.e4 c5 2.Nf3 e6 3.d4 cxd4 4.Nxd4 a6 5.Nc3 b5 6.Bd3 Qb6 7.Nb3 Qc7 8.O-O Bb7
9.f4 d6 10.Qe1 Nd7 11.a4 b4 12.Ne2 Ngf6 13.Ng3 h5 14.Nh1 Rg8 15.Nf2 h4 16.Bd2 a5
17.c3 h3 18.cxb4 hxg2 19.Kxg2 axb4 20.Bxb4 d5 21.Bxf8 Qxf4 22.Nh3 Qg4+ 23.Qg3 dxe4
24.Qxg4 Nxg4 25.Kg3 exd3 26.Kxg4 Kxf8 27.Rfc1 Rb8 28.Rc7 Nf6+ 29.Kg3 Ne4+
30.Kg2 Bd5  0-1

[Event "15th Open"]
[Site "Avoine FRA"]
[Date "2000.07.22"]
[Round "1"]
[White "Popescu,D"]
[Black "Riff,V"]
[Result "1-0"]
[WhiteElo "2250"]
[BlackElo "2110"]

1.e4 c5 2.Nc3 e6 3.Nf3 a6 4.d4 cxd4 5.Nxd4 Qc7 6.g3 Nf6 7.Bg2 d6 8.O-O Be7
9.Be3 Nc6 10.Nxc6 bxc6 11.Na4 e5 12.c4 O-O 13.Rc1 Be6 14.b3 Rab8 15.h3 Qc8
16.Kh2 Nd7 17.c5 Nxc5 18.Nxc5 dxc5 19.Bxc5 Bxc5 20.Rxc5 Rb5 21.Qc2 Rxc5 22.Qxc5 Rd8
23.Qxe5 Rd2 24.Qa5 Qd7 25.Qxa6 h5 26.h4 Bg4 27.Qb6 g5 28.hxg5 h4 29.Qb8+ Kh7
30.gxh4 Be2 31.Re1 Qg4 32.Qg3 Qh5 33.Qf4 Rd3 34.e5 Kg8 35.e6 Rd1 36.Qxf7+  1-0

[Event "It"]
[Site "Bergen NOR"]
[Date "2000.07.22"]
[Round "2"]
[White "Lie,K"]
[Black "Yakovich,Y"]
[Result "0-1"]
[WhiteElo "2284"]
[BlackElo "2585"]

1.e4 c5 2.Nf3 e6 3.d4 cxd4 4.Nxd4 a6 5.Nc3 b5 6.Be3 Bb7 7.f3 Nc6 8.Nxc6 Bxc6
9.Qd2 Nf6 10.O-O-O Qc7 11.Kb1 Be7 12.g4 b4 13.Ne2 d5 14.g5 Nd7 15.Nd4 dxe4
16.f4 Bb7 17.f5 e5 18.Nb3 O-O-O 19.Qf2 Kb8 20.Be2 Rc8 21.f6 gxf6 22.Bg4 Rcd8
23.Rxd7 Rxd7 24.gxf6 Bd8 25.Bxd7 Qxd7 26.Nc5 Qc6 27.Rd1 Bc8 28.Qe2 Bxf6 29.Nxe4 Be7
30.Bf2 Rd8 31.Rc1 f6 32.Ka1 Bb7 33.Ng3 Qf3 34.Qxf3 Bxf3 35.Nf5 Rd7 36.b3 Bd8
37.Bc5 a5 38.Ne3 Kb7 39.Rf1 Be4 40.Kb2 Rd2 41.Rd1 Rxd1 42.Nxd1 Kc6 43.Bf8 Bb6
44.c3 bxc3+ 45.Kxc3 f5 46.Kd2 f4 47.Nc3 Bg2 48.Ke1 Kd7 49.b4 Ke6 50.b5 Bd5
51.Na4 Bd4 52.Nc5+ Bxc5  0-1

[Event "Politiken Cup"]
[Site "Copenhagen DEN"]
[Date "2000.07.22"]
[Round "6"]
[White "Laursen,N"]
[Black "Rasmussen,C"]
[Result "0-1"]
[WhiteElo "2079"]
[BlackElo "2281"]

1.e4 c5 2.Nc3 e6 3.Nge2 a6 4.d4 cxd4 5.Nxd4 Qc7 6.g3 Bb4 7.Ne2 Be7 8.Bg2 Nf6
9.O-O O-O 10.b3 Nc6 11.Bb2 Rd8 12.h3 d6 13.Kh1 b5 14.f4 Bb7 15.g4 d5 16.exd5 Nb4
17.Nd4 Nbxd5 18.Nxd5 Bxd5 19.Bxd5 Rxd5 20.Qf3 Rad8 21.Rad1 Qd7 22.g5 Ne8
23.c4 bxc4 24.bxc4 Rd6 25.c5 Rd5 26.f5 exf5 27.c6 Qc8 28.Nxf5 Qxf5  0-1

[Event "KB Czech Open"]
[Site "Pardubice CZE"]
[Date "2000.07.22"]
[Round "2"]
[White "Mehyo,A"]
[Black "Votava,J"]
[Result "0-1"]
[WhiteElo "2326"]
[BlackElo "2506"]

1.e4 c5 2.Nf3 e6 3.d4 cxd4 4.Nxd4 a6 5.Nc3 Qc7 6.Bd3 Nf6 7.O-O d6 8.Be3 Be7
9.f4 Nbd7 10.Qf3 b5 11.a4 b4 12.Nd1 Bb7 13.Nf2 Nc5 14.Nb3 d5 15.Bxc5 Bxc5
16.Nxc5 Qxc5 17.e5 Ne4 18.Rfe1 Rc8 19.Qe3 Qxe3 20.Rxe3 Nc5 21.Bf1 a5 22.Nd3 Ne4
23.Ne1 Ke7 24.Bd3 Nc5 25.Bb5 d4 26.Rg3 g6 27.Rd1 Rhd8 28.Rh3 h5 29.Kf1 Be4
30.Ra1 Bf5 31.Rf3 b3 32.Rf2 bxc2  0-1

[Event "KB Czech Open"]
[Site "Pardubice CZE"]
[Date "2000.07.24"]
[Round "4"]
[White "Hagara,E"]
[Black "Manik,M"]
[Result "1-0"]
[WhiteElo "2373"]
[BlackElo "2425"]

1.e4 c5 2.Nf3 e6 3.d4 cxd4 4.Nxd4 a6 5.Nc3 b5 6.g3 Bb7 7.Bg2 Qc7 8.O-O d6
9.Re1 Nf6 10.a4 bxa4 11.Nd5 exd5 12.exd5+ Kd8 13.Bg5 Nd7 14.Qe2 Kc8 15.Rxa4 Nc5
16.Bxf6 gxf6 17.Qe8+ Qd8 18.Bh3+ f5 19.Bxf5+ Kc7 20.Qxf7+ Kb8  1-0

[Event "Open"]
[Site "Dieren NED"]
[Date "2000.07.26"]
[Round "8"]
[White "Bhuiyan,A"]
[Black "Tagnon,N"]
[Result "0-1"]
[WhiteElo "2080"]
[BlackElo "2083"]

1.e4 c5 2.Nf3 e6 3.d4 cxd4 4.Nxd4 a6 5.Nc3 b5 6.Bd3 Bb7 7.f4 Qh4+ 8.g3 Qd8
9.Be3 Nf6 10.Qf3 Bb4 11.O-O Qc7 12.Nde2 Bc5 13.a3 Bxe3+ 14.Qxe3 Ng4 15.Qd4 O-O
16.h3 Nc6 17.Qc5 d6 18.Qh5 Qb6+ 19.Kh1 Ne3 20.Rfe1 f5 21.Ng1 fxe4 22.Bxe4 Nf5
23.Qf3 Rf6 24.Kh2 Raf8 25.Bxf5 Rxf5 26.Rad1 Nd4 27.Qe3 Qc6 28.Qe4 e5 29.Qxc6 Bxc6
30.Rd2 g5 31.Nd1 gxf4 32.g4 R5f6 33.Nf2 Rg6 34.Red1 h5 35.Rxd4 exd4 36.Rxd4 hxg4
37.hxg4 Kg7 38.Ngh3 Rh6 39.Nd3 Rxh3+  0-1

[Event "KB Czech Open"]
[Site "Pardubice CZE"]
[Date "2000.07.26"]
[Round "6"]
[White "Hagara,E"]
[Black "Moroz,A"]
[Result "0-1"]
[WhiteElo "2373"]
[BlackElo "2515"]

1.e4 c5 2.Nf3 e6 3.d4 cxd4 4.Nxd4 a6 5.Nc3 Qc7 6.Be2 b5 7.O-O Bb7 8.Bf3 Nc6
9.Re1 Bd6 10.Nxc6 dxc6 11.g3 Nf6 12.Qe2 Nd7 13.Bg2 e5 14.Qg4 Kf8 15.Rd1 Nc5
16.Be3 h5 17.Qf3 Ne6 18.Bh3 Re8 19.Rd2 Bc8 20.Bf5 Kg8 21.Qd1 Be7 22.f4 g6
23.Bxe6 Bxe6 24.Qf1 Qc8 25.fxe5 h4 26.Ne2 Bg4 27.Nf4 hxg3 28.hxg3 g5 29.Nd3 c5
30.c4 bxc4 31.Ne1 Qe6 32.Rd5 Qg6 33.Qxc4 Qh5 34.Ng2 Qh1+ 35.Kf2 Qxa1 36.Bc1 Rh1  0-1

[Event "KB Czech Open"]
[Site "Pardubice CZE"]
[Date "2000.07.26"]
[Round "6"]
[White "Vavra,P1"]
[Black "Mirumian,V"]
[Result "1/2-1/2"]
[WhiteElo "2393"]
[BlackElo "2557"]

1.e4 c5 2.Nf3 e6 3.d4 cxd4 4.Nxd4 a6 5.Nc3 d6 6.Bc4 Nf6 7.Bb3 b5 8.O-O Be7
9.Qf3 Qc7 10.Qg3 Nc6 11.Nxc6 Qxc6 12.Re1 Bb7 13.a3 Rd8 14.f3 O-O 15.Bh6 Ne8
16.Kh1 Bf6 17.Bg5 Bxg5 18.Qxg5 Nf6 19.Ne2 Qc5 20.Qd2 e5 21.Ng3 Bc8 22.a4 Be6
23.Qa5 Bxb3 24.cxb3 bxa4 25.Rxa4 Rb8 26.Qxc5 dxc5 27.Re3 Rb6 28.Rc3 Rd8 29.h4 Rd1+
30.Kh2 g6 31.Rxc5 Rd2 32.Rxe5 Rxb3 33.Kh3 Rbxb2 34.Rxa6 Kg7 35.h5 Nxh5 36.Rxh5 Rxg2
37.Rg5 Rh2+ 38.Kg4 h5+ 39.Kf4 Rh4+ 40.Ke3 Rb3+ 41.Kf2 Rh2+ 42.Kg1 Rc2 43.Nxh5+ Kh6
44.Rg2  1/2-1/2

[Event "MTO Open"]
[Site "Biel SUI"]
[Date "2000.07.27"]
[Round "4"]
[White "Astengo,C"]
[Black "Scheffknecht,P"]
[Result "1/2-1/2"]
[WhiteElo "2150"]
[BlackElo "2094"]

1.e4 c5 2.Nf3 e6 3.d4 cxd4 4.Nxd4 a6 5.Nc3 Qc7 6.Bd3 Nc6 7.Be3 Ne5 8.Qe2 b5
9.f4 Nc4 10.Bxc4 bxc4 11.O-O Rb8 12.Rab1 d6 13.Nf3 Nf6 14.Nd2 a5 15.Bd4 Be7
16.Rf3 e5 17.fxe5 dxe5 18.Bf2 Bg4 19.Qxc4 Qxc4 20.Nxc4 Bxf3 21.gxf3 Bb4 22.Nd5 Nxd5
23.exd5 f6 24.a3 Be7 25.d6 Bd8 26.b4 axb4 27.axb4 Rc8 28.Bc5 Kd7 29.Ra1 Ke6
30.Ne3 f5 31.c4 e4 32.Nd5 Bf6 33.Ra6 Rxc5 34.d7+ Kxd7 35.Nxf6+ gxf6 36.bxc5 Re8
37.fxe4  1/2-1/2

[Event "MTO Open"]
[Site "Biel SUI"]
[Date "2000.07.28"]
[Round "5"]
[White "Saravanan,V"]
[Black "Illijin,N"]
[Result "1-0"]
[WhiteElo "2412"]
[BlackElo "2258"]

1.e4 c5 2.Nf3 e6 3.d4 cxd4 4.Nxd4 a6 5.Nc3 Qc7 6.Bd3 b5 7.O-O Bb7 8.Re1 d6
9.a4 bxa4 10.Rxa4 Nd7 11.Nb3 Ngf6 12.Qe2 Qc8 13.Be3 Ne5 14.Na5 Nxd3 15.Qxd3 Be7
16.Rb4 Rb8 17.Ba7 Bd8 18.Nc4 Bc7 19.Nxd6+ Bxd6 20.Qxd6 Ra8 21.Bc5 Qd7 22.Qb6 Rc8
23.e5 Nd5 24.Qxb7 Rxc5 25.Nxd5 exd5 26.Qxa6 O-O 27.c3 Re8 28.h3 h5 29.Rd4 Re6
30.Qd3 Qc6 31.Re3 Ra5 32.b4 Ra1+ 33.Kh2 Ra2 34.b5 Qb7 35.Rxd5 Rg6 36.Rf3 Qe7
37.Qf5 Rg5 38.Qxf7+ Qxf7 39.Rd8+ Kh7 40.Rxf7 Rxe5 41.Rdd7 Rxb5 42.Rxg7+ Kh6
43.Rgf7  1-0

[Event "12th Open"]
[Site "Porto POR"]
[Date "2000.07.28"]
[Round "7"]
[White "Caruso,A"]
[Black "Hauchard,A"]
[Result "0-1"]
[WhiteElo "2286"]
[BlackElo "2539"]

1.e4 c5 2.Nf3 e6 3.Nc3 a6 4.d4 cxd4 5.Nxd4 b5 6.g3 Bb7 7.Bg2 Nf6 8.a3 d6
9.O-O Qc7 10.Re1 Be7 11.Bf4 O-O 12.e5 dxe5 13.Bxe5 Qc8 14.Bxf6 Bxf6 15.Ne4 Be7
16.Re3 Rd8 17.Rd3 Nc6 18.Nxc6 Bxc6 19.Rxd8+ Bxd8 20.Qd3 Be7 21.Rd1 h6 22.c3 Qc7
23.Qe2 Rc8 24.Nd2 Be8 25.Nb3 Rd8 26.Nd4 Bf6 27.h4 Rd6 28.Bf3 Qd8 29.Nc2 g6
30.Rxd6 Qxd6 31.Qd1 Qc7 32.Qd3 Kg7 33.Ne3 h5 34.Bxh5  0-1

[Event "KB Czech Open"]
[Site "Pardubice CZE"]
[Date "2000.07.29"]
[Round "9"]
[White "Berger,Stev"]
[Black "Pisk,P"]
[Result "1/2-1/2"]
[WhiteElo "2320"]
[BlackElo "2400"]

1.e4 c5 2.Nf3 e6 3.d4 cxd4 4.Nxd4 a6 5.Nc3 Qc7 6.g3 Nf6 7.Bg2 Be7 8.O-O O-O
9.a4 d6 10.Kh1 Nc6 11.Nde2 Bd7 12.h3 Nb4 13.g4 h6  1/2-1/2

[Event "HZ Open"]
[Site "Vlissingen NED"]
[Date "2000.08.02"]
[Round "6"]
[White "Middelburg,T"]
[Black "Szuveges,G"]
[Result "1-0"]
[WhiteElo "2328"]
[BlackElo "2159"]

1.e4 c5 2.Nf3 e6 3.d4 cxd4 4.Nxd4 a6 5.Nc3 b5 6.Bd3 Qb6 7.Nb3 Bb7 8.Be3 Qc7
9.O-O Nf6 10.a3 Be7 11.f4 d6 12.Qe2 O-O 13.g4 d5 14.e5 Ne4 15.Bd4 Nc6 16.Nxe4 dxe4
17.Bxe4 Nxd4 18.Nxd4 Bc5 19.c3 Rfd8 20.Rad1 Rd7 21.Qf3 Rad8 22.Bxb7 Qxb7
23.Qxb7 Rxb7 24.Kf2 Bxd4+ 25.Rxd4 Rxd4 26.cxd4 Rc7 27.Ke3 Kf8 28.Rd1 Ke7
29.d5 exd5 30.Rxd5 Rc2 31.Rd2 Rc6 32.Rd6 Rxd6 33.exd6+ Kxd6 34.Kd4 f6 35.b3 h6
36.h4 Kc6 37.Ke4 Kc5 38.Kf5 b4 39.axb4+ Kxb4 40.Kg6 Kxb3 41.Kxg7 a5 42.Kxh6 a4
43.g5 fxg5 44.hxg5 a3 45.g6 a2 46.g7 a1=Q 47.g8=Q+ Kb4 48.Qf8+ Kc4 49.Qf7+ Kc5
50.f5 Qh1+ 51.Kg7 Qg2+ 52.Kf8 Qb2 53.f6 Qh2 54.Qe7+ Kc6 55.Qe6+ Kc7 56.Ke7 Qh8
57.Qd7+  1-0

[Event "TCh-ESP"]
[Site "Barcelona ESP"]
[Date "2000.08.06"]
[Round "2"]
[White "Hamdouchi,H"]
[Black "Rodriguez,Or"]
[Result "1/2-1/2"]
[WhiteElo "2541"]
[BlackElo "2494"]

1.e4 c5 2.Nf3 e6 3.d4 cxd4 4.Nxd4 a6 5.Nc3 Qc7 6.Bd3 Nc6 7.Be3 Nf6 8.O-O Bd6
9.f4 Nxd4 10.e5 Nc6 11.exf6 gxf6 12.Qg4 Be7 13.Qg7 Rf8 14.Ne4 f5 15.Nf6+ Bxf6
16.Qxf6 d6 17.Rfe1 Ne7 18.Bf2 b6 19.Bh4 Bb7 20.Rad1 Rg8 21.Rd2 Rg6 22.Qxe7+ Qxe7
23.Bxe7 Kxe7 24.Bxf5 Rf6 25.Bxh7 Rxf4 26.g3 Ra4 27.a3  1/2-1/2

[Event "TCh-ESP"]
[Site "Barcelona ESP"]
[Date "2000.08.07"]
[Round "3"]
[White "Reinaldo Castineira,R"]
[Black "Moreno,J"]
[Result "0-1"]
[WhiteElo "2416"]
[BlackElo "2515"]

1.e4 c5 2.Nc3 e6 3.Nf3 a6 4.d4 cxd4 5.Nxd4 Qc7 6.Bd3 Nc6 7.Be3 Nf6 8.O-O Nxd4
9.Bxd4 Bc5 10.Be2 d6 11.Qd3 e5 12.Be3 Bxe3 13.Qxe3 Be6 14.a4 O-O 15.Rfd1 Rfd8
16.Rd2 Qa5 17.Rad1 Qb4 18.f4 exf4 19.Qd4 Qxb2 20.Rb1 Qa3 21.Rxb7 Rdc8 22.Rd3 Qc5
23.Rb4 g5 24.Kf1 Kg7 25.Ke1 Ra7 26.Nd1 Qxd4 27.Rdxd4 a5 28.Rb5 h6 29.Bd3 Rc6
30.Kd2 Ng4 31.h3 Ne5 32.Be2 Nc4+ 33.Bxc4 Bxc4 34.Rf5 Bf1 35.h4 f6 36.g4 Bc4
37.Nf2 Be6 38.Rb5 Rac7 39.Rb2 Kf7 40.Rd3 Ke7 41.hxg5 hxg5 42.Rh3 Rc4  0-1

[Event "ch-GBR"]
[Site "Millfield ENG"]
[Date "2000.08.07"]
[Round "7"]
[White "Gormally,D"]
[Black "Chandler,M"]
[Result "1/2-1/2"]
[WhiteElo "2499"]
[BlackElo "2526"]

1.e4 c5 2.Nf3 e6 3.d4 cxd4 4.Nxd4 a6 5.Nc3 Qc7 6.Bd3 Nf6 7.f4 d6 8.Qe2 g6
9.Nb3 Bg7 10.g4 b5 11.f5 Nfd7 12.a4 b4 13.Nd1 Nc6 14.Ne3 Bb7 15.Nc4 O-O 16.Bf4 Nce5
17.Nxe5 Nxe5 18.O-O-O Rfe8 19.fxg6 fxg6 20.h4 h6 21.Qd2 Nxd3+ 22.Qxd3 e5
23.Be3 Rac8 24.Kb1 Kh7 25.h5 g5 26.Rhf1 Rf8 27.Rf5 Kg8  1/2-1/2

[Event "FSGM August"]
[Site "Budapest HUN"]
[Date "2000.08.08"]
[Round "4"]
[White "Antal,Ge"]
[Black "Fogarasi,T"]
[Result "1-0"]
[WhiteElo "2405"]
[BlackElo "2456"]

1.e4 c5 2.Nf3 e6 3.d4 cxd4 4.Nxd4 a6 5.Nc3 Qc7 6.Bd3 b5 7.O-O Bb7 8.Kh1 Nf6
9.Qe2 Nc6 10.Nxc6 Bxc6 11.e5 Nd5 12.Nxd5 Bxd5 13.f4 Be7 14.Be3 O-O 15.a4 b4
16.a5 f5 17.Rfc1 d6 18.Bd4 dxe5 19.Bxe5 Bd6 20.c4 bxc3 21.Rxc3 Qb8 22.Bxd6 Qxd6
23.Bc4 Be4 24.Rd1 Qxf4 25.Bxe6+ Kh8 26.Qd2 Qe5 27.Qd6 Qxa5 28.Rc7 h6 29.b4 Qa4
30.Rf1 Rf6 31.Qg3 g5 32.Qc3 Rf8 33.Bf7 Bxg2+ 34.Kg1  1-0

[Event "TCh-ESP"]
[Site "Barcelona ESP"]
[Date "2000.08.11"]
[Round "7"]
[White "Coret Frasquet,J"]
[Black "Cacho Reigadas,S"]
[Result "0-1"]
[WhiteElo "2251"]
[BlackElo "2444"]

1.e4 e6 2.d4 c5 3.Nf3 cxd4 4.Nxd4 a6 5.Nc3 Qc7 6.Be2 b5 7.O-O Bb7 8.Bf3 Nc6
9.Nxc6 dxc6 10.Qe2 Bd6 11.h3 Nf6 12.a4 O-O 13.Bg5 Be5 14.Rfe1 Nd7 15.a5 c5
16.Nd1 c4 17.Be7 Rfe8 18.Bb4 Nb8 19.Qe3 Nc6 20.Bc5 Bf4 21.Bb6 Qd6 22.Qe2 Nd4
23.Bxd4 Qxd4 24.Nc3 Be5 25.Rad1 Qc5 26.Qe3 Qc7 27.Qg5 b4 28.Ne2 Qxa5 29.Ng3 h6
30.Qh5 Qc7 31.b3 Red8 32.Nf1 cxb3 33.cxb3 Bc3 34.Rxd8+ Rxd8 35.Re3 Qe5 36.Qh4 Qg5
37.Qxg5 hxg5 38.Be2 a5 39.Rg3 Ra8 40.f3 Ba6  0-1

[Event "TCh-ESP"]
[Site "Barcelona ESP"]
[Date "2000.08.12"]
[Round "8"]
[White "Campora,D"]
[Black "Vehi Bach,V"]
[Result "1-0"]
[WhiteElo "2526"]
[BlackElo "2454"]

1.e4 c5 2.Nf3 e6 3.d4 cxd4 4.Nxd4 a6 5.Nc3 b5 6.Be3 Bb7 7.f3 Qc7 8.Qd2 Nf6
9.g4 h6 10.O-O-O Bb4 11.Be2 d5 12.e5 Nfd7 13.f4 Nc5 14.Qe1 Ba5 15.Bxb5+ Kf8
16.Bd3 Na4 17.Bd2 Bxc3 18.Bxc3 Nxc3 19.Qxc3 Qxc3 20.bxc3 Nd7 21.Kd2 Ke7 22.Rb1 Ra7
23.Rhe1 Rc8 24.Rxb7 Rxb7 25.Bxa6 Rbc7 26.Nb5 Rc5 27.Bxc8 Rxc8 28.Nd6 Ra8
29.c4 Ra4 30.Kc3 g5 31.fxg5 hxg5 32.cxd5 Rxg4 33.Nc8+ Kd8 34.dxe6 fxe6 35.Na7 Rg2
36.Nc6+ Ke8 37.a4 Rxh2 38.a5 Nc5 39.Nd4 Kd7 40.Kc4 Na6 41.Rg1 Rh5 42.Rg4 Nc7
43.Kc5 Kc8 44.Nb5  1-0

[Event "4th ch-Arab"]
[Site "Beirut LEB"]
[Date "2000.08.12"]
[Round "7"]
[White "Bintafrit,S"]
[Black "Eid,Fa"]
[Result "1-0"]
[WhiteElo "2285"]
[BlackElo "2390"]

1.e4 c5 2.Nf3 e6 3.Nc3 a6 4.d4 cxd4 5.Nxd4 Qc7 6.Bd3 Nc6 7.Be3 Nf6 8.O-O d6
9.Kh1 Be7 10.f4 O-O 11.Qf3 Rb8 12.Rae1 Rd8 13.e5 dxe5 14.Nxc6 Qxc6 15.Ne4 Nd7
16.fxe5 Nxe5 17.Qh5 f5 18.Bf4 Nxd3 19.cxd3 Ra8 20.Ng5 Bxg5 21.Qxg5 Qe8 22.Be5 Rd7
23.Rf3 b5 24.Bc3 Bb7 25.Rg3 Qf7 26.Bxg7 Qg6 27.Bc3 Qxg5 28.Rxg5+ Kf8 29.Rxe6 Rxd3
30.Rxf5+ Kg8 31.Rg5+ Kf8 32.Rf6+ Ke8 33.Rg8+ Kd7 34.Rg7+  1-0

[Event "FSELOA August"]
[Site "Budapest HUN"]
[Date "2000.08.14"]
[Round "10"]
[White "Timko,M"]
[Black "Szabo,K"]
[Result "1/2-1/2"]
[WhiteElo "2093"]
[BlackElo "2015"]

1.e4 c5 2.Nf3 e6 3.d4 cxd4 4.Nxd4 a6 5.Nc3 b5 6.Be3 Bb7 7.Bd3 Qc7 8.Qd2 Nf6
9.f3 Bb4 10.a3 Bxc3 11.Qxc3 Qxc3+ 12.bxc3 Ke7 13.c4 bxc4 14.Bxc4 Rc8 15.Bd3 d6
16.O-O Nbd7 17.Rab1 Rc7 18.Rb2 Nc5 19.Rfb1 Nfd7 20.Nb3 Na4 21.Na5 Nxb2 22.Rxb2 Bc8
23.Kf2 Rb8 24.Rxb8 Nxb8 25.Ke2 Nd7 26.Bd2 Ne5 27.Bb4 Kd7 28.Kd2 Nxd3 29.cxd3 Bb7
30.Bc3 f6 31.Bd4 Bc6 32.Bc3 Bb5 33.Bb4 d5 34.Nb3 Rc6 35.Nc5+ Kc7 36.a4 Rxc5
37.Bxc5 Bxa4 38.Kc3 dxe4 39.dxe4 Bb5 40.Bf8 g6 41.f4 e5 42.fxe5 fxe5 43.Bg7 Kd6
44.Bf8+ Ke6 45.Bb4 Kf6 46.Bd6 h5 47.Bc7 Ke6 48.Kd2 g5 49.g3 g4 50.Kc3 Bc6
51.Kd3  1/2-1/2

[Event "FSGM August"]
[Site "Budapest HUN"]
[Date "2000.08.14"]
[Round "10"]
[White "Fogarasi,T"]
[Black "Szeberenyi,A"]
[Result "1-0"]
[WhiteElo "2456"]
[BlackElo "2357"]

1.e4 c5 2.Nc3 e6 3.Nf3 a6 4.d4 cxd4 5.Nxd4 Qc7 6.Bd3 Nc6 7.Nxc6 Qxc6 8.O-O d6
9.f4 Nf6 10.Kh1 b5 11.Qe2 Nd7 12.a4 bxa4 13.Rxa4 Nc5 14.Rc4 a5 15.f5 Be7
16.fxe6 Bxe6 17.Nd5 Bd8 18.Rxc5 Qxc5 19.Bb5+ Kf8 20.Nf4 Bf6 21.Nxe6+ fxe6
22.Be3 Qc7 23.e5 dxe5 24.Qg4 Kf7 25.Bg5 Rhf8 26.Qe4 Ke7 27.Qxh7 Rf7 28.Be3 Rd8
29.b3 Qc8 30.Qe4 Qc3 31.h3 Kf8 32.Bc4 Qb4 33.Qc6 Be7 34.Rxf7+ Kxf7 35.Qxe6+ Ke8
36.Qg8+ Kd7 37.Qe6+ Ke8 38.Qc6+ Kf8 39.Qg6 Rd1+ 40.Kh2 Qxc4 41.bxc4 a4 42.Qh7  1-0